000 00535nam a2200181Ia 4500
005 20240816101145.0
008 131103s9999 xx 000 0 und d
040 _aLoreto College
041 _aEnglish
082 _a822
_bMAU
100 _aMaugham, W. Somerset
245 _aThree dramas of W. Somerset Maugham
_b the letter, the sacred flame, for services rendered
_cW. Somerset Maugham
260 _aNew York
_bWashington Square Press
_c1963
300 _a263 p.
650 _aEnglish drama
850 _aLCBED
942 _cBK
999 _c29825
_d80304